Video-based collaborative learning: a pedagogical model and instructional design tool emerging from an international multiple case study (Record no. 174666)
[ view plain ]
| 000 -LEADER | |
|---|---|
| fixed length control field | 01580nam a22001937a 4500 |
| 005 - DATE AND TIME OF LATEST TRANSACTION | |
| control field | 20241010113159.0 |
| 008 - FIXED-LENGTH DATA ELEMENTS--GENERAL INFORMATION | |
| fixed length control field | 241010b |||||||| |||| 00| 0 eng d |
| 040 ## - CATALOGING SOURCE | |
| Transcribing agency | LDD |
| 100 ## - MAIN ENTRY--PERSONAL NAME | |
| Personal name | Cattaneo, Alberto A.P. |
| 245 ## - TITLE STATEMENT | |
| Title | Video-based collaborative learning: a pedagogical model and instructional design tool emerging from an international multiple case study |
| 260 ## - PUBLICATION, DISTRIBUTION, ETC. | |
| Place of publication, distribution, etc. | United Kingdom:Taylor & Francis,2024 |
| 300 ## - PHYSICAL DESCRIPTION | |
| Other physical details | 466-490p. |
| 490 ## - Journal | |
| Journal | European journal of teacher education |
| Volume/sequential designation | 47v,3 |
| 500 ## - GENERAL NOTE | |
| General note | The educational potential of video is a long-lasting, multi-faceted topic, and the affordances of technological advancement have recently revitalised this discussion. However, teachers are still far from competently integrating or becoming accustomed to video-based pedagogy, especially in collaborative pedagogy. To provide teachers and teacher educators with sound principles for implementing video-supported collaborative learning (VSCL), this contribution analyses 12 VSCL case studies by five teacher-education institutions. The analysis verifies the benefits of a VSCL pedagogy for learning, and on this basis, we propose a pedagogical model for effective VSCL and a related instructional design tool. We also discuss implications for practice and research. |
| 650 ## - SUBJECT ADDED ENTRY--TOPICAL TERM | |
| Topical term or geographic name entry element | Video peadagogy/ collaborative learning/educational technology |
| 700 ## - ADDED ENTRY--PERSONAL NAME | |
| Personal name | Jong, Frank De /Ramos, Jose L. and Laitinen-Vaananen, Sirpa |
| 856 ## - ELECTRONIC LOCATION AND ACCESS | |
| Link text | click here to online access |
| Uniform Resource Identifier | <a href="https://www.tandfonline.com/doi/full/10.1080/02619768.2022.2086859#abstract">https://www.tandfonline.com/doi/full/10.1080/02619768.2022.2086859#abstract</a> |
| 942 ## - ADDED ENTRY ELEMENTS (KOHA) | |
| Source of classification or shelving scheme | Dewey Decimal Classification |
| Koha item type | Article |
| Suppress in OPAC | No |
| Date last seen | Total checkouts | Price effective from | Koha item type | Lost status | Source of classification or shelving scheme | Damaged status | Not for loan | Withdrawn status | Home library | Current library | Date acquired |
|---|---|---|---|---|---|---|---|---|---|---|---|
| 10/10/2024 | 10/10/2024 | Article | Dewey Decimal Classification | Library and Documentation Division NCERT | Library and Documentation Division NCERT | 10/10/2024 |





